00900nam a2200301Ia 4500008004000000020001800040041000800058082001600066100002500082245007900107260003000186300001100216650001900227650001400246650001100260650001000271650001200281650001700293650001900310650001800329650001500347650000800362690002000370700002400390906001100414999001900425952015400444210210b2009 xxu||||| |||| 00| 0 eng d a9780415965576 aeng a370.11 ANDS aANDRZEJEWSKI (Julie) aSocial justice peace and environmental education: transformative standards aNew YorkbRoutledgec2009 axi,332 atransformative astandards aSocial apeace ajustice aHuman rights aGlobal justice aenvironmental aeducation: aand aValue Education aBALTODANO (Marta P) a064726 c141587d141587 00102ddc40708Human RightsaALbALd2021-02-17eBharath Bookmarkg2319.00l1o370.11 ANDSp064726r2025-01-07 00:00:00s2024-12-05w2021-02-17yBK